000 00350nam a2200145Ia 4500
008 230312s9999||||xx |||||||||||||| ||und||
082 _a615.82
_bKIS-T
100 _aKisner;Carplyn
245 0 _aTherapeutic Exercise
260 _bJaypee
_aIndia
_c5
300 _a1023
546 _aEng.
650 _aPhysiotherapy
_vTherapeutic Exercise
942 _cBK
999 _c9159
_d9159